| 000 | 00653nam a2200241Ia 4500 | ||
|---|---|---|---|
| 005 | 20260430150337.0 | ||
| 008 | 008 250103s9999 xx 000 0 eng d | ||
| 037 | _aTheses | ||
| 040 | _aCRL | ||
| 040 | _beng | ||
| 040 | _ceng | ||
| 041 | _2eng | ||
| 041 | _aeng | ||
| 084 | _qCRL | ||
| 100 |
_aChopra Virien Au.; Bhatia Reema Gu.; Chatterjee Roma Gu. _91237209 |
||
| 245 | 0 | _aHow do Comics Communicate; Analysing Semantic Formations in Comics | |
| 260 | _c2023 | ||
| 300 | _a277p. | ||
| 650 | _aSociology | ||
| 700 | _aUniversity of Delhi. Faculty of Social Sciences. Deptt. of Sociology | ||
| 942 | _cTH | ||
| 999 |
_c1849561 _d1849561 |
||